Παρουσίαση ενός βιομηχανικού μνημείου : μια καπναποθήκη της Ξάνθης και οι μνήμες των Δεγκτσήδων : μεταπτυχιακή διατριβή
Αποθηκεύτηκε σε:
| Κύριος συγγραφέας: | |
|---|---|
| Συγγραφή απο Οργανισμό/Αρχή: | |
| Άλλοι συγγραφείς: | |
| Μορφή: | Thesis Βιβλίο |
| Γλώσσα: | Greek |
| Δημοσίευση: |
Μυτιλήνη :
Πανεπιστήμιο Αιγαίου, Σχολή Κοινωνικών Επιστημών, Τμήμα Πολιτισμικής Τεχνολογίας και Επικοινωνίας,
2005
|
| Θέματα: | |
| Διαθέσιμο Online: | http://hdl.handle.net/11610/16049 |
| Ετικέτες: |
Προσθήκη ετικέτας
Δεν υπάρχουν, Καταχωρήστε ετικέτα πρώτοι!
|
MARC
| LEADER | 00000cam a2200000 i 4500 | ||
|---|---|---|---|
| 001 | 1/26409 | ||
| 008 | 060317s2005 gre d | ||
| 035 | |l 10083151 | ||
| 040 | |a GR-MY-UA |b gre |e aacr | ||
| 041 | 0 | |a gre | |
| 082 | 0 | |a 069 |2 (22) | |
| 100 | 1 | |a Πετρά, Μαρία Αθ. | |
| 245 | 1 | 0 | |a Παρουσίαση ενός βιομηχανικού μνημείου : |b μια καπναποθήκη της Ξάνθης και οι μνήμες των Δεγκτσήδων : μεταπτυχιακή διατριβή / |c Πετρά Μαρία ; υπεύθυνος καθηγητής Γεράσιμος Παυλογεωργάτος |
| 260 | |a Μυτιλήνη : |b Πανεπιστήμιο Αιγαίου, Σχολή Κοινωνικών Επιστημών, Τμήμα Πολιτισμικής Τεχνολογίας και Επικοινωνίας, |c 2005 | ||
| 300 | |a 213 σ.; |b εικ.; |c 30 εκ. | ||
| 500 | |a Μέλη εξεταστικής επιτροπής: Παυλογεωργάτος Γεράσιμος, Σαμπανίκου Εύη, Κουτσιαμπασάκος Δημήτρης | ||
| 502 | |a Διατριβή (μεταπτυχιακή) – Πανεπιστήμιο Αιγαίου, Λέσβος, 2005. | ||
| 504 | |a Βιβλιογραφία: σ. 203-213 | ||
| 650 | 0 | 0 | |a Industrial museums. |
| 650 | 0 | |a Industrial buildings |z Greece |z Xanthe. | |
| 650 | 0 | 0 | |a Tobacco industry |z Greece |z Xanthe |x History. |
| 650 | 0 | 0 | |a Dissertations, Academic |z Greece. |
| 700 | 1 | |4 ths |a Παυλογεωργάτος, Γεράσιμος Δ. | |
| 710 | 2 | |a Πανεπιστήμιο Αιγαίου. |b Σχολή Κοινωνικών Επιστημών. |b Τμήμα Πολιτισμικής Τεχνολογίας και Επικοινωνίας. |b Πρόγραμμα Μεταπτυχιακών Σπουδών Πολιτισμική Πληροφορική και Επικοινωνία. | |
| 852 | |a INST |b LESVOS |c DIATR |e 20060317 |h 49 |p 005100035962 |q 005100035962 |t MTXE |y 23 | ||
| 852 | |a INST |b LESVOS |c DIATR |e 20060317 |h 50 |p 005100035541 |q 005100035541 |t MTXE |y 23 | ||
| 856 | |u http://hdl.handle.net/11610/16049 | ||
| 901 | |a BIBL1-2006-1 | ||
| 909 | |a Λ |b 126066 | ||
| 909 | |a Λ |b 126105 | ||
| 924 | |a ΠΕΤΡΑ |b ΜΑΡΙΑ |y ΛΕΣΒΟΣ |z 2005 | ||
| 970 | |a ΜΑΡΙΝΑΤΟΥ |b ΜΥΡΣΙΝΗ |z 2006/03/17 | ||